Statistiques concernant Les 10 chaines youtube américaines ayant le plus d'abonnés

Cliquez ici pour prendre le quiz!

Statistiques générales

  • Ce quiz a été pris 13 fois
  • Le résultat moyen est 1 sur 10

Statistiques - réponses

Nombres d'abonnésChaînes% Correct
252MMrBeast
100%
60.1MDude Perfect
18%
101MWWE
9%
80.6M5-Minute Crafts
0%
174MCocomelon
0%
121MKids Diana Show
0%
114MLike Nastya
0%
61.1MMovieclips
0%
80.1MPinkfong
0%
116MVlad and Niki
0%

Distribution des résultats

Percentile par nombre de réponses

% des personnes avec chaque résultat

Votre développement - résultats

Vous n’avez pas pris ce quiz